[Event "65th Rtng Kimry chess Championship"]
[Site "Kimry"]
[Date "2012.01.02"]
[Round "1.1"]
[White "Golubeva, Maria"]
[Black "Dobrovolsky, Konstantin"]
[Result "0-1"]
[WhiteElo "1889"]
[BlackElo "2279"]
[PlyCount "42"]
[EventDate "2012.01.02"]

1. d4 d5 2. c4 e6 3. Nc3 c6 4. e3 Nf6 5. Nf3 Nbd7 6. Bd3 dxc4 7. Bxc4 b5 8. Bd3
a6 9. e4 c5 10. e5 cxd4 11. Nxb5 axb5 12. exf6 gxf6 13. Be4 Ra4 14. b3 Ra6 15.
Qxd4 Bc5 16. Qc3 Rg8 17. Nd4 b4 18. Qb2 f5 19. Bf3 Ne5 20. Qe2 Qxd4 21. Bb2
Qxb2 0-1

[Event "65th Rtng Kimry chess Championship"]
[Site "Kimry"]
[Date "2012.01.02"]
[Round "1.2"]
[White "Pakhteev, Yury"]
[Black "Terentieva, Alena"]
[Result "1-0"]
[WhiteElo "2269"]
[BlackElo "1869"]
[PlyCount "113"]
[EventDate "2012.01.02"]

1. Nf3 Nf6 2. c4 e6 3. d4 b6 4. a3 Bb7 5. Nc3 c5 6. d5 exd5 7. cxd5 d6 8. e4
Be7 9. Bd3 Nbd7 10. Nd2 O-O 11. f4 Re8 12. O-O Nf8 13. a4 N6d7 14. Nc4 a6 15.
e5 dxe5 16. fxe5 b5 17. axb5 axb5 18. Rxa8 Bxa8 19. Nxb5 Nxe5 20. Nxe5 Qxd5 21.
Qf3 Qxf3 22. Nxf3 Rd8 23. Bc4 Bxf3 24. Rxf3 Bf6 25. Rd3 Re8 26. Bxf7+ Kxf7 27.
Nd6+ Ke7 28. Nxe8 Kxe8 29. b3 Ne6 30. Be3 Ke7 31. Rd5 Nd4 32. Bxd4 Bxd4+ 33.
Kf1 Ke6 34. Rh5 h6 35. Ke2 Kd6 36. Kd3 Kc6 37. Kc4 Bg1 38. h3 Bf2 39. Rf5 Be3
40. Re5 Bd4 41. Re6+ Kd7 42. Kd5 Bc3 43. Rd6+ Ke7 44. Rc6 Bb4 45. g4 Kf7 46.
Rxc5 Kg6 47. h4 Kf6 48. Rc6+ Kf7 49. h5 Ke7 50. Ke5 Kd7 51. Ra6 Kc7 52. Kf5 Kb7
53. Re6 Kc7 54. Kg6 Kd7 55. Rb6 Bc3 56. Rb7+ Ke6 57. Rxg7 1-0

[Event "65th Rtng Kimry chess Championship"]
[Site "Kimry"]
[Date "2012.01.02"]
[Round "1.3"]
[White "Geshko., Aleksey"]
[Black "Volkov, Sergei"]
[Result "0-1"]
[WhiteElo "1867"]
[BlackElo "2259"]
[PlyCount "100"]
[EventDate "2012.01.02"]

1. e4 c5 2. Nf3 d6 3. d3 Nc6 4. g3 g6 5. Bg2 Bg7 6. O-O Nf6 7. Nbd2 O-O 8. Ne1
Rb8 9. f4 Qc7 10. Nef3 b5 11. Rb1 Bb7 12. b3 Nd7 13. Bb2 Qa5 14. Bxg7 Kxg7 15.
c4 a6 16. cxb5 axb5 17. a4 Ba6 18. axb5 Bxb5 19. Nc4 Qc3 20. Rc1 Qb4 21. f5
Bxc4 22. bxc4 Nde5 23. Nxe5 Nxe5 24. fxg6 hxg6 25. Qc2 Qb2 26. Rfd1 Qd4+ 27.
Qf2 Qxf2+ 28. Kxf2 Rb2+ 29. Kg1 Ra8 30. Bh1 Raa2 31. h4 Ra3 32. Ra1 Rxa1 33.
Rxa1 Nxd3 34. Bg2 Ne5 35. Rc1 Rd2 36. Rc3 Rd4 37. Kf2 Rxc4 38. Rxc4 Nxc4 39.
Ke2 Ne5 40. Kd2 Kf6 41. Bh3 g5 42. hxg5+ Kxg5 43. Kc3 Kf6 44. Bg2 Ng4 45. Bf3
Nh6 46. Kc4 Ke5 47. Kd3 e6 48. Kc4 Ng8 49. Kd3 Nf6 50. Bg2 Nh5 0-1

[Event "65th Rtng Kimry chess Championship"]
[Site "Kimry"]
[Date "2012.01.02"]
[Round "1.4"]
[White "Ustinov, Alexey"]
[Black "Sherbakova, Elena"]
[Result "1-0"]
[WhiteElo "2147"]
[BlackElo "1864"]
[PlyCount "43"]
[EventDate "2012.01.02"]

1. Nc3 e6 2. d4 Nf6 3. Bg5 Be7 4. Qd2 b6 5. O-O-O d5 6. f3 Bb7 7. e3 O-O 8. g4
a6 9. h4 Nbd7 10. h5 Rc8 11. Bf4 c5 12. g5 Ne8 13. g6 Bg5 14. gxh7+ Kh8 15. Nh3
Bxf4 16. Nxf4 Qg5 17. Bh3 Nef6 18. Rdg1 Qh6 19. Bxe6 fxe6 20. Rg6 Qxh7 21. h6
Rf7 22. hxg7+ 1-0

[Event "65th Rtng Kimry chess Championship"]
[Site "Kimry"]
[Date "2012.01.02"]
[Round "1.5"]
[White "Kobozeva, Viktoria"]
[Black "Vdovin, Vadim"]
[Result "1-0"]
[WhiteElo "1851"]
[BlackElo "2141"]
[PlyCount "119"]
[EventDate "2012.01.02"]

1. e4 e6 2. d4 d5 3. Nc3 Bb4 4. e5 Ne7 5. a3 Bxc3+ 6. bxc3 b6 7. Qg4 Ng6 8. h4
h5 9. Qg3 Ba6 10. Bg5 Qd7 11. Bxa6 Nxa6 12. Qd3 Qa4 13. Ne2 c5 14. O-O Rc8 15.
Rfc1 Nb8 16. Rab1 Nc6 17. Qb5 Qxb5 18. Rxb5 cxd4 19. cxd4 Na5 20. c3 Rc4 21. f4
Ra4 22. f5 Nf8 23. fxe6 fxe6 24. Ra1 Ng6 25. Rb4 Rxb4 26. axb4 Nc6 27. Ra6 O-O
28. b5 Na5 29. Rxa7 Rf7 30. Ra6 Nc4 31. Ng3 Nf4 32. Bxf4 Rxf4 33. Nxh5 Rxh4 34.
Ng3 Rg4 35. Ne2 Kf7 36. Kf2 Re4 37. Ra7+ Kf8 38. Rb7 g5 39. Rb8+ Kf7 40. Rb7+
Kf8 41. Rb8+ Ke7 42. Rg8 g4 43. Rg7+ Kf8 44. Rg6 Kf7 45. Rf6+ Ke7 46. Nf4 Re3
47. Rxe6+ Kd8 48. Rg6 Rxc3 49. Nxd5 Rc2+ 50. Kg3 Rd2 51. Rxg4 Rd3+ 52. Kh4 Kd7
53. Kg5 Rb3 54. Kf6 Rxb5 55. Rg7+ Kd8 56. Ke6 Rxd5 57. Kxd5 Ne3+ 58. Kc6 Nf5
59. Rg8+ Ke7 60. d5 1-0

[Event "65th Rtng Kimry chess Championship"]
[Site "Kimry"]
[Date "2012.01.02"]
[Round "1.6"]
[White "Rumjantsev, Juri"]
[Black "Mironova, Natalia"]
[Result "1/2-1/2"]
[WhiteElo "2133"]
[BlackElo "1826"]
[PlyCount "112"]
[EventDate "2012.01.02"]

1. d4 Nf6 2. Nf3 g6 3. c4 c6 4. Nc3 d5 5. e3 Bg7 6. h3 O-O 7. b3 Nbd7 8. Be2
Re8 9. Bb2 h6 10. O-O Nf8 11. Ne5 N6d7 12. Nxd7 Bxd7 13. Bf3 e6 14. e4 dxe4 15.
Nxe4 Bc8 16. c5 Nh7 17. Nd6 Re7 18. Re1 Nf6 19. Qd2 Nd7 20. b4 Qc7 21. Re2 Nf6
22. Rae1 Nd5 23. Bxd5 cxd5 24. f4 Rd7 25. g4 Rxd6 26. cxd6 Qxd6 27. Rf2 Bd7 28.
Rc1 Bf6 29. Rf3 Qb6 30. Kg2 Bc6 31. Rb3 Ba4 32. Ra3 Bb5 33. Rg3 Bh4 34. Rf3 Be7
35. Bc3 Rc8 36. Rd1 Qa6 37. Rb1 Qa4 38. f5 g5 39. fxe6 fxe6 40. Re1 Qa6 41.
Rfe3 Bd7 42. Rf1 Be8 43. Qe1 Bf7 44. Qb1 Rf8 45. b5 Qa4 46. Rxf7 Rxf7 47. Rxe6
Qc4 48. Rg6+ Kf8 49. Qe1 Qd3 50. Rxh6 Qf3+ 51. Kg1 Kg7 52. Re6 Qxh3 53. Rxe7
Qxg4+ 54. Kh2 Qf4+ 55. Kg1 Qg4+ 56. Kh2 Qf4+ 1/2-1/2

[Event "65th Rtng Kimry chess Championship"]
[Site "Kimry"]
[Date "2012.01.02"]
[Round "1.7"]
[White "Fedoruk, Nikolay"]
[Black "Asrian, Armen"]
[Result "0-1"]
[WhiteElo "1813"]
[BlackElo "2097"]
[PlyCount "78"]
[EventDate "2012.01.02"]

1. e4 c5 2. f4 d5 3. exd5 Qxd5 4. Nc3 Qd8 5. Nf3 Nc6 6. Bb5 Bd7 7. d3 Nf6 8.
O-O e6 9. Qe2 Be7 10. Re1 O-O 11. Bxc6 Bxc6 12. f5 Bxf3 13. Qxf3 exf5 14. Qxb7
Re8 15. Bf4 Qd4+ 16. Be3 Qd6 17. Qf3 Ng4 18. Bf4 Qd4+ 19. Be3 Nxe3 20. Qxe3 Bh4
21. Qxd4 Rxe1+ 22. Rxe1 cxd4 23. g3 dxc3 24. gxh4 cxb2 25. Rb1 Rb8 26. Kf2 Kf8
27. Ke3 Ke7 28. d4 f6 29. c4 g5 30. hxg5 fxg5 31. d5 f4+ 32. Kf3 Kd6 33. h3 Kc5
34. Kg4 h6 35. h4 gxh4 36. Kxf4 Kxc4 37. d6 Kc3 38. d7 Rd8 39. Rf1 Rxd7 0-1

[Event "65th Rtng Kimry chess Championship"]
[Site "Kimry"]
[Date "2012.01.02"]
[Round "1.8"]
[White "Nefedov, Dmitriy"]
[Black "Doronine, Vladimir"]
[Result "1/2-1/2"]
[WhiteElo "2089"]
[BlackElo "1798"]
[PlyCount "96"]
[EventDate "2012.01.02"]

1. Nf3 Nf6 2. g3 g6 3. Bg2 Bg7 4. c4 d6 5. Nc3 Nbd7 6. O-O Nb6 7. b3 O-O 8. Bb2
Bd7 9. Re1 Qc8 10. d4 Bh3 11. Bh1 c6 12. Qc2 Qc7 13. e4 e5 14. Rad1 Rfe8 15.
dxe5 dxe5 16. Rd3 Rad8 17. Red1 Rxd3 18. Qxd3 Bf8 19. Bg2 Bxg2 20. Kxg2 Nbd7
21. Ne1 Bc5 22. Na4 Be7 23. f3 Nc5 24. Nxc5 Bxc5 25. Nc2 Be7 26. Qe2 Rd8 27.
Rd3 Rxd3 28. Qxd3 Qd7 29. Qxd7 Nxd7 30. Kf1 f6 31. Ke2 Bc5 32. h3 Kf7 33. Bc3
b6 34. f4 Ke6 35. Kf3 a5 36. a3 Bd6 37. b4 axb4 38. Nxb4 Nb8 39. a4 Bc7 40. Ke3
Kd6 41. fxe5+ fxe5 42. Nd3 Nd7 43. Bb4+ Ke6 44. Kf3 Bd6 45. Bc3 Nc5 46. Nxc5+
Bxc5 47. Bd2 Bd4 48. Bb4 Kf6 1/2-1/2

[Event "65th Rtng Kimry chess Championship"]
[Site "Kimry"]
[Date "2012.01.02"]
[Round "1.9"]
[White "Komarova, Tatiana"]
[Black "Filatov, Roman A"]
[Result "1/2-1/2"]
[WhiteElo "1798"]
[BlackElo "2072"]
[PlyCount "109"]
[EventDate "2012.01.02"]

1. e4 c6 2. d4 d5 3. e5 Bf5 4. Nf3 e6 5. Bd3 Bxd3 6. Qxd3 a6 7. Be3 Qc7 8. O-O
c5 9. c3 Nc6 10. Nbd2 Nge7 11. Nh4 Ng6 12. Nxg6 hxg6 13. Nf3 Be7 14. Bg5 Bxg5
15. Nxg5 Qe7 16. Nf3 Rc8 17. a3 O-O 18. Rac1 b5 19. b4 cxb4 20. cxb4 Nb8 21.
Rc3 Nd7 22. Rfc1 Rc4 23. Nd2 Rxc3 24. Qxc3 Nb6 25. Qc5 Qg5 26. Qxb6 Qxd2 27.
Qc5 g5 28. Qc3 Qf4 29. g3 Qe4 30. Qe3 Qf5 31. Rc6 Ra8 32. Rc5 Kh7 33. Kg2 Kg6
34. h3 g4 35. h4 Qe4+ 36. Qxe4+ dxe4 37. d5 exd5 38. Rxd5 Kf5 39. e6+ Kxe6 40.
Rg5 g6 41. Rxg4 Ke5 42. f3 exf3+ 43. Kxf3 Rc8 44. Re4+ Kd5 45. Kf4 f5 46. Re5+
Kd6 47. Re3 Rc4+ 48. Kg5 Rg4+ 49. Kf6 Kd5 50. h5 gxh5 51. Kxf5 Kc4 52. Rf3 Rg8
53. Re3 Kd4 54. Rb3 Kc4 55. Re3 1/2-1/2

[Event "65th Rtng Kimry chess Championship"]
[Site "Kimry"]
[Date "2012.01.02"]
[Round "1.10"]
[White "Redikultsev, Boris"]
[Black "Tikhonova, Mariya"]
[Result "1/2-1/2"]
[WhiteElo "2060"]
[BlackElo "1779"]
[PlyCount "36"]
[EventDate "2012.01.02"]

1. e4 e6 2. d4 d5 3. Nc3 Bb4 4. a3 Ba5 5. b4 Bb6 6. Nf3 Ne7 7. Be2 c6 8. O-O
O-O 9. e5 Nf5 10. Kh1 f6 11. g4 Ne7 12. exf6 Rxf6 13. Bg5 Rf8 14. Na4 Bc7 15.
Qd2 Rxf3 16. Bxf3 Qd6 17. Qf4 Qxf4 18. Bxf4 Bxf4 1/2-1/2

[Event "65th Rtng Kimry chess Championship"]
[Site "Kimry"]
[Date "2012.01.02"]
[Round "1.11"]
[White "Danilov, Alexander"]
[Black "Milkin, Sergey"]
[Result "0-1"]
[WhiteElo "1759"]
[BlackElo "2045"]
[PlyCount "90"]
[EventDate "2012.01.02"]

1. e4 c6 2. Nc3 d5 3. Nf3 Bg4 4. d3 Nf6 5. h3 Bxf3 6. Qxf3 e6 7. e5 Nfd7 8. d4
c5 9. Be3 Nc6 10. O-O-O cxd4 11. Bxd4 Ndxe5 12. Qg3 Nxd4 13. Qxe5 Nc6 14. Qg3
a6 15. Be2 Bd6 16. Qxg7 Be5 17. Qg4 Qf6 18. Rd3 Bf4+ 19. Kb1 Ne5 20. Qh5 Nxd3
21. Bxd3 O-O-O 22. Re1 Bd2 23. Qe5 Qxe5 24. Rxe5 Bxc3 25. bxc3 b5 26. f4 Kd7
27. f5 Kd6 28. Re3 h5 29. Kc1 h4 30. Kd2 Rhg8 31. Re2 e5 32. Rf2 f6 33. Bf1 Rg3
34. Rf3 Rdg8 35. Rf2 R8g5 36. a3 Kc5 37. Kc1 Rxc3 38. Kb2 Re3 39. a4 Rgg3 40.
axb5 axb5 41. Be2 b4 42. Bg4 Re1 43. Be2 e4 44. Bh5 e3 45. Rf4 e2 0-1

[Event "65th Rtng Kimry chess Championship"]
[Site "Kimry"]
[Date "2012.01.02"]
[Round "1.12"]
[White "Pospelov, Sergey"]
[Black "Petrov, Alexandr"]
[Result "1-0"]
[WhiteElo "2019"]
[BlackElo "1705"]
[PlyCount "47"]
[EventDate "2012.01.02"]

1. e4 c5 2. Nc3 e6 3. f4 d5 4. Bb5+ Bd7 5. exd5 exd5 6. Qe2+ Be7 7. Nxd5 Bxb5
8. Qxb5+ Qd7 9. Nc7+ Kd8 10. Qxd7+ Kxd7 11. Nxa8 Nc6 12. Nf3 Nf6 13. O-O Rxa8
14. Ne5+ Nxe5 15. fxe5 Ng4 16. Rxf7 Nxe5 17. Rxg7 Kd6 18. d3 Rf8 19. Be3 b6 20.
Bg5 Bxg5 21. Rxg5 Rf7 22. Re1 Nc6 23. c3 Ne7 24. Rf1 1-0

[Event "65th Rtng Kimry chess Championship"]
[Site "Kimry"]
[Date "2012.01.02"]
[Round "1.13"]
[White "Voropaev, Pavel"]
[Black "Kuryshkin, Anatoliy"]
[Result "0-1"]
[WhiteElo "1303"]
[BlackElo "2018"]
[PlyCount "90"]
[EventDate "2012.01.02"]

1. e4 e5 2. Nf3 Nc6 3. Bb5 a6 4. Ba4 Nf6 5. Nc3 Bc5 6. O-O d6 7. h3 b5 8. Bb3
b4 9. Nd5 Nxe4 10. d3 Ng3 11. Re1 Nf5 12. Bg5 f6 13. Be3 Nxe3 14. fxe3 Ne7 15.
d4 Ba7 16. c4 c5 17. dxc5 dxc5 18. Ba4+ Kf7 19. Nh2 Nxd5 20. Bc6 Nb6 21. Qxd8
Rxd8 22. Bxa8 Nxa8 23. Rad1 Rxd1 24. Rxd1 Ke7 25. Ng4 Nb6 26. b3 e4 27. Nf2 Bb7
28. Kh2 Bb8+ 29. Kh1 Bg3 30. Ng4 h5 31. Nh2 Nd7 32. Kg1 Bh4 33. Kf1 Ne5 34. Ke2
Bg5 35. Nf1 h4 36. Nh2 f5 37. Nf1 Nd3 38. g3 Bc6 39. g4 Bd7 40. Nh2 f4 41. exf4
Nxf4+ 42. Ke3 Nxh3+ 43. Kxe4 Nf2+ 44. Kf3 Nxd1 45. Kg2 Bc6+ 0-1

[Event "65th Rtng Kimry chess Championship"]
[Site "Kimry"]
[Date "2012.01.02"]
[Round "1.14"]
[White "Pavlova, Kseniia"]
[Black "Khmurina, Anastasia"]
[Result "1-0"]
[WhiteElo "1971"]
[BlackElo "1253"]
[PlyCount "45"]
[EventDate "2012.01.02"]

1. e4 e5 2. Nf3 Nc6 3. Bb5 d6 4. c3 Bd7 5. O-O Nf6 6. Re1 a6 7. Ba4 Be7 8. d4
Be6 9. d5 Bd7 10. dxc6 bxc6 11. Bg5 Be6 12. Bxc6+ Kf8 13. Bxa8 Ng8 14. Bxe7+
Qxe7 15. Bd5 Bd7 16. Na3 Qf6 17. Qd3 Qg6 18. Nc2 Bb5 19. Bc4 Bd7 20. Nxe5 dxe5
21. Qxd7 Nf6 22. Qxc7 Nxe4 23. Qd8# 1-0

[Event "65th Rtng Kimry chess Championship"]
[Site "Kimry"]
[Date "2012.01.03"]
[Round "2.1"]
[White "Dobrovolsky, Konstantin"]
[Black "Pavlova, Kseniia"]
[Result "1-0"]
[WhiteElo "2279"]
[BlackElo "1971"]
[PlyCount "65"]
[EventDate "2012.01.02"]

1. d4 Nf6 2. c4 c5 3. d5 b5 4. cxb5 a6 5. bxa6 d6 6. Nc3 Bxa6 7. g3 g6 8. Bg2
Bg7 9. Nf3 O-O 10. O-O Nbd7 11. Rb1 Nb6 12. b3 Bb7 13. e4 Nfd7 14. Qc2 Ne5 15.
Nxe5 Bxe5 16. Bb2 e6 17. a4 Bc8 18. dxe6 fxe6 19. Nb5 Bxb2 20. Rxb2 Ba6 21. e5
Bxb5 22. axb5 Ra5 23. Rd1 d5 24. Qxc5 Qb8 25. Qc6 Kf7 26. Bh3 Re8 27. Rc2 Ra7
28. Qd6 Nd7 29. Rxd5 exd5 30. Bxd7 Rf8 31. Qf6+ Kg8 32. Be6+ Raf7 33. b6 1-0

[Event "65th Rtng Kimry chess Championship"]
[Site "Kimry"]
[Date "2012.01.03"]
[Round "2.2"]
[White "Kuryshkin, Anatoliy"]
[Black "Pakhteev, Yury"]
[Result "1-0"]
[WhiteElo "2018"]
[BlackElo "2269"]
[PlyCount "20"]
[EventDate "2012.01.02"]

1. e4 c6 2. d4 d5 3. Nd2 dxe4 4. Nxe4 Nf6 5. Ng5 Bf5 6. Bc4 e6 7. c3 Be7 8. Ne2
Nd5 9. Nf3 Nd7 10. Ng3 Bg6 1-0

[Event "65th Rtng Kimry chess Championship"]
[Site "Kimry"]
[Date "2012.01.03"]
[Round "2.3"]
[White "Volkov, Sergei"]
[Black "Sharkova, Vera"]
[Result "1-0"]
[WhiteElo "2259"]
[BlackElo "1902"]
[PlyCount "59"]
[EventDate "2012.01.02"]

1. c4 Nf6 2. Nc3 g6 3. g3 Bg7 4. Bg2 d6 5. Nf3 O-O 6. O-O c6 7. d4 Ne8 8. Bf4
f5 9. d5 e5 10. dxe6 Bxe6 11. Qd3 Na6 12. b3 Nc5 13. Qc2 Ne4 14. Nxe4 fxe4 15.
Ng5 Bf5 16. Rad1 e3 17. Be4 exf2+ 18. Rxf2 Qb6 19. Bxf5 Rxf5 20. Qe4 Be5 21.
Be3 Nf6 22. Qxf5 Qxe3 23. Qe6+ Kg7 24. Qe7+ Kg8 25. Qf7+ Kh8 26. Qxb7 Re8 27.
Nf7+ Kg8 28. Nxe5 Qxe5 29. Qxc6 Qe3 30. Qf3 1-0

[Event "65th Rtng Kimry chess Championship"]
[Site "Kimry"]
[Date "2012.01.03"]
[Round "2.4"]
[White "Sepp, Yuri"]
[Black "Ustinov, Alexey"]
[Result "1/2-1/2"]
[WhiteElo "1970"]
[BlackElo "2147"]
[PlyCount "21"]
[EventDate "2012.01.02"]

1. e4 d5 2. exd5 Qxd5 3. Nc3 Qa5 4. d4 e5 5. dxe5 Bb4 6. Bd2 Nc6 7. a3 Nd4 8.
f4 Bf5 9. Bd3 Bxd3 10. cxd3 O-O-O 11. Nf3 1/2-1/2

[Event "65th Rtng Kimry chess Championship"]
[Site "Kimry"]
[Date "2012.01.03"]
[Round "2.5"]
[White "Milkin, Sergey"]
[Black "Kobozeva, Viktoria"]
[Result "1-0"]
[WhiteElo "2045"]
[BlackElo "1851"]
[PlyCount "39"]
[EventDate "2012.01.02"]

1. d4 d5 2. c4 c6 3. Nf3 Nf6 4. Nc3 e6 5. e3 Nbd7 6. Qc2 Bd6 7. b3 O-O 8. Be2
Re8 9. Bb2 a6 10. a4 dxc4 11. bxc4 c5 12. O-O Qc7 13. d5 Ne5 14. g3 Nxf3+ 15.
Bxf3 Bd7 16. Ne4 Nxe4 17. Bxe4 h6 18. dxe6 Rxe6 19. Bd5 Ree8 20. Qg6 1-0

[Event "65th Rtng Kimry chess Championship"]
[Site "Kimry"]
[Date "2012.01.03"]
[Round "2.7"]
[White "Doronine, Vladimir"]
[Black "Rumjantsev, Juri"]
[Result "0-1"]
[WhiteElo "1798"]
[BlackElo "2133"]
[PlyCount "76"]
[EventDate "2012.01.02"]

1. Nf3 c5 2. c4 Nf6 3. g3 b6 4. Bg2 Bb7 5. d3 e6 6. Bg5 Be7 7. O-O O-O 8. Nc3
d6 9. Rb1 Nc6 10. a3 d5 11. cxd5 exd5 12. Nd2 Nd4 13. e3 Ne6 14. Bxf6 Bxf6 15.
Qb3 Nc7 16. Qa2 a5 17. Qb3 Ra6 18. Rfc1 Bc6 19. Qc2 a4 20. b3 Bxc3 21. Qxc3 Nb5
22. Qa1 axb3 23. Rxb3 Qa8 24. Nb1 Nc7 25. Qb2 Qa7 26. Nd2 Ba4 27. Rbc3 Nb5 28.
Bxd5 Nxc3 29. Rxc3 Rd8 30. Bc4 b5 31. Bxb5 Rb8 32. Rb3 Bxb3 33. Qxb3 Rxa3 34.
Qd5 Qa5 35. Nc4 Ra1+ 36. Kg2 Qxb5 37. Nd6 Qd7 38. Qxc5 Ra6 0-1

[Event "65th Rtng Kimry chess Championship"]
[Site "Kimry"]
[Date "2012.01.03"]
[Round "2.8"]
[White "Tikhonova, Mariya"]
[Black "Nefedov, Dmitriy"]
[Result "1/2-1/2"]
[WhiteElo "1779"]
[BlackElo "2089"]
[PlyCount "65"]
[EventDate "2012.01.02"]

1. e4 c5 2. c3 e6 3. d4 Nf6 4. e5 Nd5 5. g3 cxd4 6. cxd4 b6 7. Bg2 Bb7 8. Nf3
Be7 9. O-O O-O 10. Ne1 Na6 11. Qg4 Kh8 12. Nc3 Nac7 13. f4 f5 14. Qe2 Rb8 15.
Nxd5 Bxd5 16. Nc2 Bxg2 17. Qxg2 Nd5 18. Ne3 Nxe3 19. Bxe3 Qc7 20. Rac1 Qb7 21.
Qxb7 Rxb7 22. Rc2 Ra8 23. Rfc1 Kg8 24. Rc7 Rab8 25. Kf2 Kf7 26. Ke2 Bd8 27.
Rxb7 Rxb7 28. Kd3 Rc7 29. Rxc7 Bxc7 30. Kc4 a6 31. a4 Ke7 32. b4 d5+ 33. Kc3
1/2-1/2

[Event "65th Rtng Kimry chess Championship"]
[Site "Kimry"]
[Date "2012.01.03"]
[Round "2.9"]
[White "Filatov, Roman A"]
[Black "Redikultsev, Boris"]
[Result "1-0"]
[WhiteElo "2072"]
[BlackElo "2060"]
[PlyCount "91"]
[EventDate "2012.01.02"]

1. d4 Nf6 2. c4 e5 3. e3 exd4 4. exd4 d5 5. Nf3 Bb4+ 6. Bd2 Qe7+ 7. Qe2 Nc6 8.
Qxe7+ Kxe7 9. cxd5 Bxd2+ 10. Nbxd2 Nxd5 11. Bc4 Rd8 12. O-O Bg4 13. Bb5 Bxf3
14. Nxf3 Rd6 15. Rac1 Nf4 16. Rfe1+ Kf8 17. g3 Ne6 18. Bxc6 bxc6 19. Rc4 Rad8
20. Rec1 Nxd4 21. Nxd4 Rxd4 22. Rxd4 Rxd4 23. Rxc6 Rd7 24. Ra6 c5 25. Rc6 Rd2
26. Rxc5 Rd7 27. Kg2 Ke7 28. Kf3 Kd6 29. Rc3 Rb7 30. b3 Kd5 31. Rc4 Re7 32. h4
h5 33. Kf4 g6 34. f3 f5 35. Ra4 Kc5 36. Ra6 Rb7 37. Rxg6 a5 38. Rg5 Kb4 39.
Rxf5 Ra7 40. Rxh5 Ka3 41. Rb5 Kxa2 42. h5 Rf7+ 43. Kg4 Rg7+ 44. Kh4 Rf7 45.
Rxa5+ Kxb3 46. f4 1-0

[Event "65th Rtng Kimry chess Championship"]
[Site "Kimry"]
[Date "2012.01.03"]
[Round "2.10"]
[White "Mironova, Natalia"]
[Black "Komarova, Tatiana"]
[Result "1-0"]
[WhiteElo "1826"]
[BlackElo "1798"]
[PlyCount "103"]
[EventDate "2012.01.02"]

1. d4 d6 2. e4 e5 3. c3 Be7 4. Nf3 Nd7 5. Bd3 Ngf6 6. O-O O-O 7. Ne1 b6 8. f4
Bb7 9. Qe2 Re8 10. Nf3 Bf8 11. fxe5 dxe5 12. Bg5 Bd6 13. Nbd2 Qc8 14. dxe5 Bxe5
15. Nxe5 Rxe5 16. Nf3 Re8 17. Nd2 c5 18. Rae1 Qc6 19. Qf2 Ne5 20. Bc2 Ba6 21.
c4 Nfd7 22. b3 f6 23. Bf4 Rad8 24. Qg3 Qe6 25. Bd1 Ng6 26. Bc7 Rc8 27. Bg4 Qc6
28. Bf4 Nxf4 29. Qxf4 Rcd8 30. Bf5 Ne5 31. Re2 Bc8 32. g4 Nd3 33. Qe3 Bxf5 34.
Rxf5 Ne5 35. Qf4 Rd3 36. Rg2 Ng6 37. Qf1 Rd6 38. Rd5 Ne5 39. Qf5 Qd7 40. Qh5 g6
41. Qh3 Nc6 42. Qg3 Rd8 43. g5 Nb4 44. Rxd6 Qxd6 45. gxf6 Qxf6 46. e5 Qf5 47.
Rf2 Qd3 48. Qg4 Re8 49. Ne4 Kg7 50. e6 Qd4 51. Qf3 Qd8 52. Rd2 1-0

[Event "65th Rtng Kimry chess Championship"]
[Site "Kimry"]
[Date "2012.01.03"]
[Round "2.11"]
[White "Vdovin, Vadim"]
[Black "Fedoruk, Nikolay"]
[Result "1-0"]
[WhiteElo "2141"]
[BlackElo "1813"]
[PlyCount "47"]
[EventDate "2012.01.02"]

1. Nf3 f5 2. d3 Nf6 3. e4 d6 4. exf5 Bxf5 5. d4 Nbd7 6. Bd3 Bxd3 7. Qxd3 e5 8.
dxe5 Nc5 9. Qe2 dxe5 10. Qxe5+ Qe7 11. Nc3 Qxe5+ 12. Nxe5 Bd6 13. Nc4 O-O-O 14.
Be3 a6 15. Nxd6+ cxd6 16. O-O-O Ng4 17. Bd4 Rhf8 18. f3 Nf6 19. Rhe1 Rf7 20.
Bxf6 Rxf6 21. b4 Nd7 22. Ne4 Rg6 23. Nxd6+ Kb8 24. Nf7 1-0

[Event "65th Rtng Kimry chess Championship"]
[Site "Kimry"]
[Date "2012.01.03"]
[Round "2.12"]
[White "Lednev, Petr"]
[Black "Danilov, Alexander"]
[Result "0-1"]
[WhiteElo "1894"]
[BlackElo "1759"]
[PlyCount "59"]
[EventDate "2012.01.02"]

1. e4 Nc6 2. d4 e5 3. Nf3 exd4 4. Nxd4 Nxd4 5. Qxd4 d6 6. Nc3 Bd7 7. Bc4 c5 8.
Qd3 a6 9. a4 Nf6 10. O-O Bc6 11. Bg5 Be7 12. Rad1 O-O 13. Rfe1 Ne8 14. Bf4 Qc7
15. e5 Rd8 16. exd6 Bxd6 17. Rxe8 Rfxe8 18. Bxd6 Qd7 19. Bxc5 Qg4 20. Bd5 Rd7
21. h3 Qg5 22. Qf3 Re5 23. Be3 Qg6 24. Bxc6 Rxd1+ 25. Qxd1 Qxc6 26. Qd8+ Re8
27. Qd5 Qc8 28. Bd4 Rd8 29. Qe5 f6 30. Qe2 0-1

[Event "65th Rtng Kimry chess Championship"]
[Site "Kimry"]
[Date "2012.01.03"]
[Round "2.13"]
[White "Petrov, Alexandr"]
[Black "Golubeva, Maria"]
[Result "0-1"]
[WhiteElo "1705"]
[BlackElo "1889"]
[PlyCount "84"]
[EventDate "2012.01.02"]

1. b4 d5 2. e3 Nf6 3. Bb2 e6 4. b5 a6 5. a4 Bd7 6. Nf3 c6 7. bxa6 Nxa6 8. c4
Ne4 9. Be2 Nac5 10. O-O Qb6 11. Bd4 Qb3 12. d3 Nf6 13. Nbd2 Qxd1 14. Rfxd1 Be7
15. Rdb1 Bc8 16. Ne5 Rxa4 17. Bxc5 Rxa1 18. Rxa1 Bxc5 19. Ra8 Ke7 20. d4 Bd6
21. Ndf3 Nd7 22. Nxd7 Kxd7 23. c5 Bc7 24. Ra7 f6 25. Bd3 g6 26. Kf1 e5 27. dxe5
fxe5 28. Nd2 Rf8 29. h3 e4 30. Be2 Bg3 31. Bg4+ Kc7 32. Bxc8 Rxf2+ 33. Ke1
Rxg2+ 34. Kd1 Kxc8 35. Ra8+ Bb8 36. Kc2 Rg3 37. Nf1 Rxh3 38. Kc3 g5 39. Ra2 g4
40. Rg2 h5 41. Kb3 Rf3 42. Rg1 g3 0-1

[Event "65th Rtng Kimry chess Championship"]
[Site "Kimry"]
[Date "2012.01.03"]
[Round "2.14"]
[White "Terentieva, Alena"]
[Black "Voropaev, Pavel"]
[Result "1-0"]
[WhiteElo "1869"]
[BlackElo "1303"]
[PlyCount "97"]
[EventDate "2012.01.02"]

1. e4 e5 2. Nf3 Nc6 3. Bb5 Nf6 4. d3 h6 5. Bxc6 dxc6 6. Nxe5 Bd6 7. Nf3 Bg4 8.
O-O Qd7 9. e5 Bxe5 10. Nxe5 Bxd1 11. Nxd7 Bxc2 12. Nxf6+ gxf6 13. d4 O-O-O 14.
Be3 Be4 15. Nc3 Bd5 16. Nxd5 Rxd5 17. Rfc1 Rb5 18. b3 h5 19. Rc2 f5 20. Rac1
Rg8 21. Rc5 Rb6 22. Rxf5 Rb5 23. Rxb5 cxb5 24. Rc5 b6 25. Rxb5 c6 26. Rxh5 Rf8
27. Rf5 Kd7 28. h4 Ke6 29. g4 Ke7 30. Kg2 f6 31. Kg3 Kf7 32. g5 Kg7 33. gxf6+
Rxf6 34. Rxf6 Kxf6 35. h5 Kg7 36. Kg4 Kh7 37. Kg5 a5 38. f4 b5 39. f5 b4 40. f6
c5 41. dxc5 a4 42. bxa4 b3 43. axb3 Kg8 44. c6 Kh8 45. c7 Kh7 46. Bd4 Kg8 47.
c8=Q+ Kh7 48. Qd7+ Kg8 49. Qg7# 1-0

[Event "65th Rtng Kimry chess Championship"]
[Site "Kimry"]
[Date "2012.01.03"]
[Round "2.15"]
[White "Khmurina, Anastasia"]
[Black "Geshko., Aleksey"]
[Result "0-1"]
[WhiteElo "1253"]
[BlackElo "1867"]
[PlyCount "50"]
[EventDate "2012.01.02"]

1. e4 c5 2. Nf3 d6 3. d4 cxd4 4. Nxd4 Nf6 5. Nc3 g6 6. f3 Bg7 7. Bg5 Nc6 8.
Nxc6 bxc6 9. Bxf6 Bxf6 10. Qd2 O-O 11. Bc4 Qb6 12. Rb1 Ba6 13. Na4 Qb7 14. Bb3
Rab8 15. a3 c5 16. c4 Qxb3 17. Qd1 Bxc4 18. Qd2 Qxa4 19. h4 Qb3 20. h5 Bc3 21.
bxc3 Qxb1+ 22. Kf2 Qxh1 23. Qg5 Rb2+ 24. Kg3 Rxg2+ 25. Kf4 Qc1# 0-1